000 00262nam a2200109Ia 4500
008 190912s9999||||xx |||||||||||||| ||und||
100 _aJames t.Humphries
245 0 _aIndustrial Electronics
260 _aNew Delhi
_bDelmar
_c1998
300 _a717
942 _cBK
999 _c7867
_d7867